| 000 | 00868nam a22002297a 4500 | ||
|---|---|---|---|
| 999 |
_c22542 _d22542 |
||
| 003 | AR-CdUCM | ||
| 008 | 190423b ||||| |||| 00| 0 spa d | ||
| 020 | _a9786124347122 | ||
| 040 |
_aMUNICIPALIDAD PROVINCIAL DEL CUSCO _cBIBLIOTECA MUNICIPAL DEL CUSCO |
||
| 041 | _hspa | ||
| 082 |
_aEP/869.56/C122A _bC122A |
||
| 100 |
_aCabana Kojachi, Pepe _948463 |
||
| 245 |
_aLa aventura que nació de un melocotón / _cPepe Cabana Kojachi "Mukashi Mukashi" ; ilustraciones y canciones del autor.Edición:Primera edición, segunda reimpresión |
||
| 260 |
_aLima : _bPanamericana Editorial, _c2019. |
||
| 300 |
_a31 páginas. : _bilustraciones, _c24 cm. |
||
| 500 | _a"Adaptación de un cuento popular japonés" | ||
| 650 |
_aCuentos infantiles peruanos _93914 |
||
| 650 |
_aCuentos peruanos _948455 |
||
| 650 |
_aSiglo XX _948464 |
||
| 942 |
_2ddc _cLIBROS |
||
| 945 | _arac | ||